MARC details
| 000 -LEADER |
| fixed length control field |
01204cam a22003015a 4500 |
| 001 - CONTROL NUMBER |
| control field |
18117681 |
| 005 - DATE AND TIME OF LATEST TRANSACTION |
| control field |
20180510144010.0 |
| 008 - FIXED-LENGTH DATA ELEMENTS--GENERAL INFORMATION |
| fixed length control field |
140416t2014 gw a frb 101 0 eng d |
| 020 ## - INTERNATIONAL STANDARD BOOK NUMBER |
| International Standard Book Number |
9783319068107 |
| 040 ## - CATALOGING SOURCE |
| Original cataloging agency |
DLC |
| Language of cataloging |
eng |
| Transcribing agency |
DLC |
| Modifying agency |
DLC |
| -- |
EG-ScBUE |
| 082 04 - DEWEY DECIMAL CLASSIFICATION NUMBER |
| Edition number |
22 |
| Classification number |
005.74 |
| Item number |
SEC |
| 245 00 - TITLE STATEMENT |
| Title |
Secure data management : |
| Remainder of title |
10th VLDB Workshop, SDM 2013, Trento, Italy, August 30, 2013, Proceedings / |
| Statement of responsibility, etc |
[edited by] Willem Jonker, Milan Petkovic. |
| 250 ## - EDITION STATEMENT |
| Edition statement |
1st ed. |
| 260 ## - PUBLICATION, DISTRIBUTION, ETC. (IMPRINT) |
| Place of publication, distribution, etc |
Cham : |
| Name of publisher, distributor, etc |
Springer, |
| Date of publication, distribution, etc |
c.2014. |
| 300 ## - PHYSICAL DESCRIPTION |
| Extent |
x, 138 p. : |
| Other physical details |
ill. ; |
| Dimensions |
24 cm. |
| 490 0# - Series Statement |
| Series statement |
Lecture notes in computer science ; |
| Volume/sequential designation |
7409 |
| 504 ## - BIBLIOGRAPHY, ETC. NOTE |
| Bibliography, etc |
Includes bibliographical references and index. |
| 650 #7 - SUBJECT ADDED ENTRY--TOPICAL TERM |
| Source of heading or term |
BUEsh |
| Topical term or geographic name as entry element |
Database security |
| Form subdivision |
Congresses. |
| 650 #7 - SUBJECT ADDED ENTRY--TOPICAL TERM |
| Source of heading or term |
BUEsh |
| Topical term or geographic name as entry element |
Data protection |
| Form subdivision |
Congresses. |
| 9 (RLIN) |
41089 |
| 650 #7 - SUBJECT ADDED ENTRY--TOPICAL TERM |
| Source of heading or term |
BUEsh |
| Topical term or geographic name as entry element |
Database management |
| Form subdivision |
Congresses |
| 9 (RLIN) |
31847 |
| 651 ## - SUBJECT ADDED ENTRY--GEOGRAPHIC NAME |
| Source of heading or term |
BUEsh |
| 653 ## - INDEX TERM--UNCONTROLLED |
| Resource For college |
Informatics and Computer Science |
| Arrived date list |
May2018 |
| 856 42 - ELECTRONIC LOCATION AND ACCESS |
| Materials specified |
Publisher description |
| Uniform Resource Identifier |
<a href="http://www.loc.gov/catdir/enhancements/fy1410/2014938481-d.html">http://www.loc.gov/catdir/enhancements/fy1410/2014938481-d.html</a> |
| 856 41 - ELECTRONIC LOCATION AND ACCESS |
| Materials specified |
Table of contents only |
| Uniform Resource Identifier |
<a href="http://www.loc.gov/catdir/enhancements/fy1410/2014938481-t.html">http://www.loc.gov/catdir/enhancements/fy1410/2014938481-t.html</a> |
| 906 ## - LOCAL DATA ELEMENT F, LDF (RLIN) |
| a |
0 |
| b |
ibc |
| c |
orignew |
| d |
2 |
| e |
epcn |
| f |
20 |
| g |
y-gencatlg |
| 942 ## - ADDED ENTRY ELEMENTS (KOHA) |
| Source of classification or shelving scheme |
Dewey Decimal Classification |